|
|
|
|
| LEADER |
01259nam a2200289 a 4500 |
| 001 |
194642 |
| 008 |
090827s1998 bg a b 000 0 eng d |
| 010 |
|
|
|a \\\98909509
|
| 020 |
|
|
|a 984051419X
|
| 040 |
|
|
|a DLC
|c DLC
|
| 082 |
0 |
4 |
|a 370.095492
|2 21
|
| 100 |
1 |
|
|a Greaney, Vincent.
|
| 245 |
1 |
0 |
|a Bangladesh :
|b assessing basic learning skills /
|c Vincent Greaney, Shahidur R. Khandker, Mahmudul Alam.
|
| 260 |
|
|
|a Dhaka, Bangladesh :
|b Published for the World Bank [by] University Press,
|c 1998.
|
| 300 |
|
|
|a vi, 48 p. :
|b ill ;
|c 25 cm.
|
| 490 |
0 |
|
|a Bangladesh development series
|
| 546 |
|
|
|a English and Bengali.
|
| 504 |
|
|
|a Includes bibliographical references (p. [47]-48).
|
| 541 |
1 |
|
|e 00006536
|
| 650 |
|
0 |
|a Basic education
|z Bangladesh.
|
| 650 |
|
0 |
|a Literacy
|z Bangladesh.
|
| 700 |
1 |
|
|a Khandker, Shahidur R.
|
| 700 |
1 |
|
|a Alam, Mahmudul.
|
| 852 |
4 |
|
|a Ayesha Abed Library
|j General shelf
|
| 999 |
|
|
|c 3519
|d 3519
|
| 952 |
|
|
|0 0
|1 0
|2 ddc
|4 0
|6 370_095492000000000_GRE_1998
|7 0
|9 3195
|a BRACUL
|b BRACUL
|c GEN
|d 2009-09-02
|g 220.00
|l 0
|o 370.095492 GRE
|p 3010006536
|r 2009-09-02
|t 1
|v 440.00
|w 2009-09-02
|y BK
|
| 952 |
|
|
|0 0
|1 0
|2 ddc
|4 0
|6 370_095492000000000_GRE
|7 0
|9 53445
|a SCL
|b SCL
|c GEN
|d 2015-04-15
|g 220.00
|l 1
|o 370.095492 GRE
|p 3020000522
|r 2022-06-16
|s 2022-06-16
|t 2
|w 2015-04-15
|y BK
|